| 000 | 00445nam a2200169Ia 4500 | ||
|---|---|---|---|
| 999 |
_c12304 _d12304 |
||
| 003 | OSt | ||
| 005 | 20201005142205.0 | ||
| 008 | 190216s9999||||xx |||||||||||||| ||und|| | ||
| 040 | _coclc | ||
| 082 |
_a823 _bABB/M |
||
| 100 |
_aAbbas, K A _94768 |
||
| 245 | 0 |
_aMaria / _cK A Abbas |
|
| 260 |
_bOrient Paper Back, _c1970. _aDelhi: |
||
| 300 | _a168p | ||
| 650 | _aEnglish Novel | ||
| 942 |
_cBK _2ddc _h823 _iABB/M _k823 _mABB/M |
||